000
00248nam a22001097a 4500
082
_a
003.74 SCH
100
_a
FRIEDLAND, B,SCHWARZ, R. J
_9
78564
245
_a
LINEAR SYSTEMS
260
_a
NEWYORK
_b
MCGRAW HILL
_c
1965
300
_a
521P
942
_c
BK
999
_c
583672
_d
583672